Nevrlý, Miloslav. Album starých pohlednic - Frýdlantsko. - Liberec : Knihy 555. - 2009 [Rezension]
| Titel: | Nevrlý, Miloslav. Album starých pohlednic - Frýdlantsko. - Liberec : Knihy 555. - 2009 [Rezension] |
|---|---|
| Verfasser: | |
| In: |
Fontes Nissae, Band 11 (2010), Seite 340-342 alle Artikel anzeigen |
| Veröffentlicht: | 2010 |
| Format: | Aufsatz |
| Sprache: | Tschechisch |
X
alg: 39520645 001A $01999:12-11-16 001B $01999:09-08-21 $t17:43:15.000 001C $06050:14-11-16 $t07:18:45.000 001D $01999:12-11-16 001U $0utf8 001X $00 002@ $0Aox 003@ $0395206456 007A $0395206456 $aHEB 007T $0Herdp36251 010@ $acze 011@ $a2010 021A $aNevrlý, Miloslav. Album starých pohlednic - Frýdlantsko. - Liberec : Knihy 555. - 2009 [Rezension] 028A $aSvoboda $dMilan 031A $d11 $h340-342 $j2010 039B $aIn $8--Abvc--. Fontes Nissae. - Liberec, 2000-. - ISSN 1213-5097 $x201000000110000660 $910697646X 039T $8--Aau--Nevrlý, Miloslav$Z1933- [Tp3]. Album starých pohlednic - Frýdlantsko. - Liberec : Knihy 555, 2009. - 156 S.. - Ill.. - ISBN 978-80-86660-30-1 $9395515602 045F $a900.94371 $eDDC23BSB 045F/01 $a900 045F/03 $g4371 045T $a7,41 lok: 39520645 78 exp: 39520645 78 1 #EPN 201B/01 $026-11-17 $t04:15:46.000 201U/01 $0utf8 203@/01 $0791530973 208@/01 $a12-11-16 $be 209A/01 $a/ $f000 $x00 220C/01 $aHerkunft: Hú Av Čr Praha 244Z/01 $#Tschechien $#Tschechische Republik $#Tschechische Republik $#Tschechenland $#Tschechei Tschechien $#Česká Republika $#Czech Republic $#ČR $74303381-7 $8--Tg1--Tschechien $x01 $9086659812 244Z/01 $2Trx $#Böhmen $#Bohemia $#Czechy $8--Trx--Čechy $x02 $9391188941 244Z/01 $2Trx $#arvustused $#recenzijos $#Reviews $#recenziók $#recenzje $#recenzie $#recenze $8--Trx--Rezensionen $x03 $9391357441 247C/01 $82080>Marburg/Lahn, Herder-Institut, Forschungsbibliothek, Bibliographieportal $9336309341
| LEADER | 00000caa a22000002c 4500 | ||
|---|---|---|---|
| 001 | 395206456 | ||
| 003 | DE-603 | ||
| 005 | 20210809174315.0 | ||
| 007 | tu | ||
| 008 | 161112s2010 xx |||| | u00||u|cze c | ||
| 035 | |a (DE-599)HEB395206456 | ||
| 040 | |a DE-603 |b ger |c DE-603 |d DE-603 | ||
| 041 | |a cze | ||
| 082 | 0 | 4 | |8 1\u |a 900.94371 |q DE-101 |2 23/BSB |
| 084 | |a 7,41 |2 ssgn | ||
| 085 | |8 1\u |b 900 | ||
| 085 | |8 1\u |z 2 |s 4371 | ||
| 100 | 1 | |a Svoboda, Milan | |
| 245 | 0 | 0 | |a Nevrlý, Miloslav. Album starých pohlednic - Frýdlantsko. - Liberec : Knihy 555. - 2009 [Rezension] |
| 264 | 0 | |c 2010 | |
| 773 | 0 | 8 | |i In |t Fontes Nissae |d Liberec, 2000- |x 1213-5097 |g Band 11 (2010), Seite 340-342 |w (DE-603)10697646X |w (DE-600)2087527-7 |
| 787 | 0 | 8 | |i Rezension von |a Nevrlý, Miloslav, 1933- |t Album starých pohlednic - Frýdlantsko |d Liberec : Knihy 555, 2009 |h 156 S., Ill. |z 9788086660301 |w (DE-603)395515602 |
| 924 | 0 | |9 2080 |a (DE-603)791530973 |b DE-2080 |c HES |d d |g / | |


